| 000 | 00656nam a22001457a 4500 | ||
|---|---|---|---|
| 020 | _a978-1-4814-2939-9 | ||
| 082 |
_a823 _bKEE/N |
||
| 100 | _aKEENE, CAROLYN | ||
| 245 | _aNANCY DREW DIARIES - THE CLUE AT BLACK CREEK FARM | ||
| 260 |
_aNEW YORK _bALADDIN PAPERBACKS _c2015 |
||
| 300 | _a171 | ||
| 520 | _aBuyers get local produce at a reasonable price; the farmers get money to run their farm. Everybody wins! But during a fundraising dinner showcasing the farm's produce, several people become seriously ill, and tests reveal that the fruits and vegetables are contaminated with deadly E. coli bacteria. | ||
| 650 |
_aMYSTERY _zUNITED STATES |
||
| 942 | _cBK | ||
| 999 |
_c7876 _d7876 |
||